[Event "36th Open"]
[Site "Badalona ESP"]
[Date "2010.08.02"]
[Round "1"]
[White "Ipatov,A ESP"]
[Black "Potze,R"]
[Result "1-0"]
[WhiteElo "2507"]
[BlackElo "2121"]

1.d4 Nf6 2.Bg5 Ne4 3.Bf4 d5 4.e3 e6 5.Bd3 Bd6 6.Nd2 Nf6 7.Ngf3 b6 8.Qe2 c6
9.Ne5 Qc7 10.Bg3 a5 11.O-O O-O 12.c4 Ba6 13.Rfc1 c5 14.cxd5 Bxd3 15.Nxd3 Bxg3
16.hxg3 Nxd5 17.dxc5 Rd8 18.cxb6 Qxb6 19.Nc4 Qb5 20.Nde5 Ra7 21.Rd1 f6 22.Nf3 Rc7
23.Rac1 Nc6 24.Qc2 Nde7 25.Nd6 Qb4 26.a3 Qg4 27.Qb3 a4 28.Qa2 Nd5 29.Nb5 Rcc8
30.Rc4 Qh5 31.Nbd4 Ne5 32.Rxc8 Rxc8 33.Nxe6 Nxf3+ 34.gxf3  1-0

[Event "Politiken Cup"]
[Site "Copenhagen DEN"]
[Date "2010.08.04"]
[Round "6"]
[White "Eklund,J"]
[Black "Schandorff,L"]
[Result "1/2-1/2"]
[WhiteElo "2192"]
[BlackElo "2491"]

1.d4 Nf6 2.Bg5 Ne4 3.Bf4 c5 4.d5 e6 5.f3 Qa5+ 6.c3 Nf6 7.e4 exd5 8.exd5 d6
9.Qd2 Be7 10.c4 Qxd2+ 11.Kxd2 b5 12.Nc3 bxc4 13.Re1 Kd8 14.Bxc4 Nbd7 15.b3 Nb6
16.Nge2 Bb7 17.Ne4 Bxd5 18.Bxd5 Nfxd5 19.Bxd6 Bxd6 20.Nxd6 Ke7 21.Nb7 Rhc8
22.Nc3+ Kf8 23.Nxd5 Nxd5 24.Re5 Nf4 25.g3 Rc7 26.gxf4  1/2-1/2

[Event "Politiken Cup"]
[Site "Copenhagen DEN"]
[Date "2010.08.05"]
[Round "7"]
[White "Knudsen,Jo2"]
[Black "Hatzipanteli,T"]
[Result "1-0"]
[WhiteElo "1756"]
[BlackElo "1572"]

1.d4 Nf6 2.Bg5 Ne4 3.Bf4 d5 4.f3 Nf6 5.Nc3 e6 6.e3 Bb4 7.Bd3 O-O 8.Ne2 a6
9.a3 Be7 10.Qd2 c5 11.Ng3 Bd7 12.O-O Bc6 13.Kh1 Kh8 14.Nd1 Nbd7 15.c3 Ne8
16.Ne2 b5 17.b4 c4 18.Bc2 a5 19.Nf2 Nef6 20.Nh3 Ra7 21.Qc1 Qb6 22.Qb1 Rfa8
23.Qb2 Qb7 24.Ra2 Ra6 25.Rfa1 Qa7 26.Bb1 Nb6 27.Qc2 Nbd7 28.Ng5 g6 29.Nxf7+ Kg7
30.Ng5 Nf8 31.Be5 Bd7 32.Nf4 Qb7 33.Bxf6+ Bxf6 34.h4 Bxg5 35.hxg5 axb4 36.axb4 Rxa2
37.Rxa2 Rxa2 38.Qxa2 Bc8 39.Qa5 Kf7 40.Ne2 Nd7 41.f4 Nb6 42.Qxb5 Qa7 43.Qa5 Qxa5
44.bxa5 Nd7 45.Bc2 Nb8 46.Ba4 Ke7 47.Nc1 Kd6 48.Na2 Kc7 49.Be8 Nc6 50.Bf7 Nxa5
51.Bg8 Nc6 52.Kg1 Kb6 53.g4 Ne7 54.Bxh7 Ka5 55.Nc1 Ka4 56.Kf2 Ka3 57.Ke2 Kb2
58.Kd2 Bd7 59.Ne2 Ba4 60.f5 exf5 61.gxf5 Nxf5 62.Bxg6 Ng7 63.Bf7 Bc6 64.Nf4 Nf5
65.g6 Ka3 66.Ne6 Ka4 67.g7 Nxg7 68.Nxg7 Kb5 69.Nf5 Kb6 70.Ne7 Kc7 71.Nxd5+ Kd6
72.Nb6 Bb5 73.Nxc4+  1-0

[Event "Politiken Cup"]
[Site "Copenhagen DEN"]
[Date "2010.08.05"]
[Round "7"]
[White "Capion,J"]
[Black "Harstad,C"]
[Result "0-1"]
[WhiteElo "1799"]
[BlackElo "2044"]

1.d4 Nf6 2.Bg5 Ne4 3.Bf4 c5 4.f3 Qa5+ 5.c3 Nf6 6.Nd2 cxd4 7.Nb3 Qd8 8.Nxd4 d6
9.Nb3 e5 10.Bg3 Be7 11.e4 Be6 12.Bb5+ Nc6 13.Qd3 Rc8 14.Ne2 O-O 15.O-O Qb6+
16.Bf2 Qc7 17.Bc4 Bd7 18.Ng3 Rfd8 19.Qe3 Nb8 20.Be2 a6 21.Rfd1 Be6 22.Rd2 d5
23.Rad1 dxe4 24.fxe4 Ng4 25.Qb6 Rxd2 26.Rxd2 Nxf2 27.Qxc7 Rxc7 28.Kxf2 g6
29.Nf1 Bg5 30.Ne3 Nd7 31.Rd1 Bxb3 32.axb3 Nc5 33.Kf3 Bxe3 34.Kxe3 Nxb3 35.Rd5 f6
36.Bg4 Kg7 37.h4 h5 38.Be2 Nc5 39.g3 Na4 40.Rd2 Kf7 41.Bd1 Nb6 42.Bb3+ Ke7
43.Rf2 a5 44.Bd1 Nc4+ 45.Kf3 Rd7 46.Be2 b5 47.b3 Nd6 48.Ke3 a4 49.bxa4 bxa4
50.Bf1 Ra7 51.Ra2 a3 52.Bd3 Ra4 53.c4 Nb7 54.Kd2 Nc5 55.Bc2 Rxc4 56.Rxa3 Nxe4+
57.Kd3 Rd4+ 58.Ke3 Nxg3 59.Bxg6 f5 60.Ra5 Rxh4 61.Kf3 Rg4 62.Ra7+ Kf6 63.Be8 e4+
64.Kf2 h4 65.Bb5 Kg5 66.Rh7 Kf4 67.Ba4 e3+ 68.Ke1 Kf3 69.Rf7 Rxa4  0-1

[Event "Open"]
[Site "Olomouc CZE"]
[Date "2010.08.05"]
[Round "2"]
[White "Aranaz Portugues,J"]
[Black "Jasny,S"]
[Result "1/2-1/2"]
[WhiteElo "2106"]
[BlackElo "2323"]

1.d4 Nf6 2.Bg5 Ne4 3.Bf4 e6 4.f3 Bb4+ 5.c3 Bd6 6.Bxd6 Nxd6 7.e4 f5 8.Nd2 b6
9.Bd3 Bb7 10.Qe2 O-O 11.O-O-O c5 12.Kb1 cxd4 13.cxd4 Nc6 14.Qe3 Rc8 15.e5 Nf7
16.Ne2 Nb4 17.Bc4 Bd5 18.Qb3 Bxc4 19.Nxc4 Nd5 20.Rc1 Qe7 21.Nc3 Nxc3+ 22.Rxc3 Rc6
23.Rhc1 Rfc8 24.Qa4 R8c7 25.Na3 Rxc3 26.Rxc3 Rxc3 27.bxc3 d5 28.Qa6 Qc7 29.Nb5 Qc4
30.a4 h6 31.Qxa7 Qd3+ 32.Kc1 Qe3+ 33.Kb2 Qd2+ 34.Kb3 Qd1+ 35.Kb2  1/2-1/2

[Event "Open"]
[Site "Olomouc CZE"]
[Date "2010.08.05"]
[Round "2"]
[White "Tesar,J"]
[Black "Malinovsky,V"]
[Result "1/2-1/2"]
[WhiteElo "2114"]
[BlackElo "2338"]

1.d4 Nf6 2.Bg5 Ne4 3.Bf4 d5 4.Nd2 Bf5 5.e3 e6 6.Ngf3 Bd6 7.Bxd6 Qxd6 8.c3 Nd7
9.Nxe4 Bxe4 10.Bd3 Bxf3 11.Qxf3 Nf6 12.O-O O-O 13.e4 dxe4 14.Bxe4 Nxe4 15.Qxe4 c6
16.Rfe1 Rad8 17.g3 Qd5 18.b3 Qxe4 19.Rxe4 Rd5 20.b4 Ra8 21.Rb1 g6 22.Re2 b5
23.a4 a5 24.axb5 cxb5 25.bxa5 Rxa5 26.Rb3 Kf8 27.Kg2 Ke7 28.Kf3 Kd6 29.Ke4 Kc6
30.f4 h5 31.Rc2 Ra7 32.c4 bxc4 33.Rxc4+ Kd7 34.Rcb4 Ke7 35.Rb7+ Rxb7 36.Rxb7+ Kf6
37.Rc7 Ra5 38.Rc2 Ra3 39.Rb2 Rc3 40.Ra2 Rb3 41.Rc2 Rb1 42.Re2 Rd1 43.Rc2 Re1+
44.Kf3 Rg1 45.Rd2 Rh1 46.Kg2 Ra1 47.d5 exd5 48.Rxd5 Ra2+ 49.Kg1 Kg7 50.h4 Kf6
51.Rc5 Rd2 52.Re5 Rc2 53.Rb5 Ke6 54.Re5+ Kd6 55.Rg5 Rd2 56.Ra5 Ke6 57.Re5+ Kf6
58.Ra5 Rc2  1/2-1/2

[Event "Open"]
[Site "Minsk BLR"]
[Date "2010.08.06"]
[Round "3"]
[White "Glidzhain,G"]
[Black "Homiakova,El"]
[Result "1-0"]
[WhiteElo "2369"]
[BlackElo "2142"]

1.d4 Nf6 2.Bg5 Ne4 3.Bf4 c5 4.f3 Qa5+ 5.c3 Nf6 6.Nd2 cxd4 7.Nb3 Qb6 8.cxd4 d5
9.e3 e6 10.Bd3 Nc6 11.Ne2 Be7 12.g4 Nd7 13.Nc3 Nb4 14.Be2 Bh4+ 15.Kf1 g5
16.Na4 Qc6 17.Na5 Qc2 18.Bd6 Qxd1+ 19.Rxd1 Nc2 20.Rd3 Be1 21.Nb3 Bb4 22.Bg3 b5
23.Nc3 Ba6 24.Kf2 Rc8 25.Rd2 Na3 26.bxa3 Bxc3 27.Rdd1 Ke7 28.a4 Bb2 29.axb5 Bb7
30.h4 h6 31.a4 f6 32.hxg5 hxg5 33.Na5 Ba8 34.Rxh8 Rxh8 35.Nc6+ Bxc6 36.bxc6 Nb6
37.a5 Nc4 38.Rb1  1-0

[Event "GM3 Proclient Cup"]
[Site "Olomouc CZE"]
[Date "2010.08.07"]
[Round "4"]
[White "Pisk,P"]
[Black "Vovk,A"]
[Result "0-1"]
[WhiteElo "2337"]
[BlackElo "2522"]

1.d4 Nf6 2.Bg5 Ne4 3.h4 c5 4.dxc5 Nc6 5.Nd2 Nxg5 6.hxg5 Qa5 7.g6 fxg6 8.c3 Qxc5
9.e4 e6 10.Ngf3 Be7 11.Nb3 Qd6 12.Qc2 O-O 13.Nbd2 Qf4 14.O-O-O b6 15.g3 Qc7
16.Be2 Bb7 17.Rh2 h6 18.e5 Nxe5 19.Nxe5 Qxe5 20.Nc4 Qg5+ 21.Kb1 d5 22.Ne3 Bc5
23.f4 Qxg3 24.Ng4 Rf5 25.b4 Bf8 26.Rdh1 d4 27.Rh3 Qxf4 28.Rg1 Rc8 29.Nxh6+ gxh6
30.Rxg6+ Kf7  0-1

[Event "Politiken Cup"]
[Site "Copenhagen DEN"]
[Date "2010.08.08"]
[Round "10"]
[White "Hoel,J"]
[Black "Skjoldager,F"]
[Result "1/2-1/2"]
[WhiteElo "1824"]
[BlackElo "2006"]

1.d4 Nf6 2.Bg5 Ne4 3.h4 d5 4.c4 c6 5.Nd2 Qa5 6.cxd5 cxd5 7.a3 Nxd2 8.Qxd2 Qxd2+
9.Bxd2 Nc6 10.e3 e6 11.Nf3 Bd6 12.Bc3 f6 13.Rd1  1/2-1/2

[Event "14th HZ Open"]
[Site "Vlissingen NED"]
[Date "2010.08.08"]
[Round "3"]
[White "Thompson,Robert"]
[Black "Arp,F"]
[Result "1/2-1/2"]
[WhiteElo "1905"]
[BlackElo "2120"]

1.d4 Nf6 2.Bg5 Ne4 3.Bf4 d5 4.f3 Nd6 5.Nc3 e6 6.e4 g5 7.Be3 Bg7 8.Qd2 h6
9.O-O-O c6 10.g4 b5 11.e5 Nc4 12.Bxc4 bxc4 13.f4 c5 14.Nf3 gxf4 15.Bxf4 Nc6
16.dxc5 Qa5 17.Qe3 Rb8 18.a3 Bf8 19.Nxd5 Bxc5 20.Nc7+ Ke7 21.Bg5+ hxg5 22.Qxg5+ Kf8
23.Qd8+ Kg7 24.Qf6+ Kg8 25.Qg5+ Kh7  1/2-1/2

[Event "Open"]
[Site "Olomouc CZE"]
[Date "2010.08.09"]
[Round "6"]
[White "Tesar,J"]
[Black "Neumeier,L"]
[Result "1/2-1/2"]
[WhiteElo "2114"]
[BlackElo "2281"]

1.d4 Nf6 2.Bg5 Ne4 3.Bf4 d5 4.Nd2 Bf5 5.e3 e6 6.Nxe4 Bxe4 7.f3 Bg6 8.h4 h6
9.h5 Bh7 10.Bd3 Bxd3 11.Qxd3 Nd7 12.Ne2 c5 13.c3 Qb6 14.Kf2 Bd6 15.Bxd6 Qxd6
16.Nf4 Rd8 17.Rad1 c4 18.Qc2 b5 19.b4 cxb3 20.axb3 Rc8 21.Ra1 Qb6 22.Qd3 a5
23.e4 dxe4 24.fxe4 O-O 25.Qe3 Nf6 26.Kf3 Rfd8 27.Ne2 Nh7 28.Kf2 Ng5 29.Rh4 f6
30.Rg4 Rf8 31.Kg1 e5 32.Kh1 Rfd8 33.Qd3 Qe6 34.Rxg5 hxg5 35.d5 Qg4 36.Rxa5 Ra8
37.b4 Rxa5 38.bxa5 Ra8 39.Qxb5 Qxe4 40.a6 Qh4+ 41.Kg1 Qe1+ 42.Kh2 Qh4+ 43.Kg1  1/2-1/2

[Event "IM1 Winsoft Company Cup"]
[Site "Olomouc CZE"]
[Date "2010.08.09"]
[Round "6"]
[White "Kireev,Al"]
[Black "Kolosowski,M"]
[Result "0-1"]
[WhiteElo "2355"]
[BlackElo "2308"]

1.d4 Nf6 2.Bg5 Ne4 3.Be3 d5 4.Nd2 Nd6 5.Bf4 g6 6.e3 Bg7 7.Ngf3 O-O 8.h3 Nd7
9.Be2 c5 10.c3 b6 11.O-O Bb7 12.Qb3 Re8 13.Rfd1 c4 14.Qc2 f6 15.Bxd6 exd6
16.Nh2 f5 17.Bf3 Qc7 18.g3 Nf6 19.Bg2 Ne4 20.Ndf1 Bh6 21.Re1 b5 22.Re2 a5
23.f3 Nf6 24.Rae1 Qd7 25.g4 Bg5 26.f4 Bh4 27.Rc1 Ne4 28.Nf3 Bf6 29.g5 Bg7
30.h4 b4 31.h5 Bc6 32.Qd1 Qf7 33.Nh4 Reb8 34.Bf3 Be8 35.Rh2 a4 36.Bxe4 dxe4
37.hxg6 hxg6 38.Qe1 bxc3 39.bxc3 Rb6 40.Ng3 Rab8 41.Rd2 d5 42.Qe2 Bf8 43.Kg2 Ba3
44.Rcc2 Qh7 45.Kh3 Bd7 46.Nf1 Kf7 47.Kg3 Rh8 48.Ng2 Qh1 49.Kf2 Rb1 50.Rd1 Rxd1
51.Qxd1 Rh2 52.Kg3 Rh3+ 53.Kf2 Rf3+ 54.Qxf3 exf3 55.Ne1 Qh4+ 56.Ng3 Qh2+
57.Kxf3 Qg1 58.Ng2 Qd1+ 59.Re2 Bb2  0-1

[Event "Open"]
[Site "Davos SUI"]
[Date "2010.08.11"]
[Round "4"]
[White "Bigg,A"]
[Black "Maurer,F"]
[Result "1/2-1/2"]
[WhiteElo "2312"]
[BlackElo "2126"]

1.d4 Nf6 2.Bg5 Ne4 3.Bf4 c5 4.f3 Qa5+ 5.c3 Nf6 6.d5 Qb6 7.b3 g6 8.e4 d6 9.Nd2 Bg7
10.Nc4 Qd8 11.a4 b6 12.Qd2 Na6 13.Bd3 Nc7 14.Ne2 Ba6 15.g4 h5 16.g5 Nd7 17.Be3 Bxc4
18.bxc4 Ne5 19.Rf1 a6 20.f4 Nxd3+ 21.Qxd3 b5 22.Rd1 bxc4 23.Qxc4 O-O 24.f5 Rb8
25.Nf4 Rb2 26.Rd2 Qb8 27.Nd3 Rb1+ 28.Ke2 Rxf1 29.Kxf1 Qb1+ 30.Kg2 Rb8 31.fxg6 fxg6
32.e5 Rf8 33.Qe4 c4 34.exd6 exd6 35.Nc5 Qf1+ 36.Kg3 Be5+ 37.Kh4 Qe1+ 38.Kh3 Kh7
39.Nd7 Rf5 40.Nf6+ Bxf6 41.gxf6 Qf1+ 42.Kg3 Rxf6 43.Bd4 Rf7 44.Rb2 Nxd5 45.Qxd5 h4+
46.Kxh4 Qf4+ 47.Kh3 Qf1+ 48.Kg3 Qf4+ 49.Kh3 Qf1+  1/2-1/2

[Event "FSIMB August"]
[Site "Budapest HUN"]
[Date "2010.08.12"]
[Round "6"]
[White "Qu Yanqiao"]
[Black "Farago,S"]
[Result "1/2-1/2"]
[WhiteElo "2149"]
[BlackElo "2243"]

1.d4 Nf6 2.Bg5 Ne4 3.Bf4 f5 4.f3 Nf6 5.Bg5 d5 6.Bxf6 exf6 7.e3 Bd6 8.c4 Qe7
9.Nc3 Qxe3+ 10.Qe2 Qxe2+ 11.Bxe2 dxc4 12.Bxc4 Nc6 13.Nge2 a6 14.O-O-O Bd7
15.f4 O-O-O 16.d5 Ne7 17.g3 b5 18.Bb3 c5 19.dxc6 Bxc6 20.Rhe1 Bc5 21.Nd4 Rxd4
22.Rxd4 Bxd4 23.Rxe7 g6 24.Nd5 Kd8 25.Re6 Bb7 26.Rd6+ Ke8 27.Nxf6+ Bxf6 28.Rxf6 Kd7
29.Rf7+ Kc6 30.Kc2 Kb6 31.Kc3 a5 32.Rg7 Rc8+ 33.Kd4 a4 34.Bg8 Rc2 35.b4 Rxh2
36.Rxh7 Rd2+ 37.Ke5 Rd3 38.Rg7 Rxg3 39.Kf6 Be4 40.Rxg6 Rxg6+ 41.Kxg6 a3 42.Kf6 Kc6
43.Ke5 Bb1 44.Bd5+ Kd7 45.Be6+ Kc6 46.Kd4  1/2-1/2

[Event "28th WJun Girls"]
[Site "Chotowa POL"]
[Date "2010.08.12"]
[Round "9"]
[White "Ho En Huei,D"]
[Black "Rysbayeva,N"]
[Result "1/2-1/2"]
[WhiteElo "1898"]
[BlackElo "2052"]

1.d4 Nf6 2.Bg5 Ne4 3.Bf4 d5 4.e3 c5 5.Nd2 Nxd2 6.Qxd2 Nc6 7.c3 Bf5 8.Nf3 e6
9.Bd3 Bxd3 10.Qxd3 Qb6 11.O-O Be7 12.dxc5 Bxc5 13.b4 Be7 14.a4 a6 15.Rfb1 O-O
16.Ne5 Nxe5 17.Bxe5 Rfc8 18.e4 f6 19.Bd4 Qd8 20.a5 Qd7 21.Rd1 dxe4 22.Qxe4 Qc6
23.Qxc6 Rxc6 24.f4 Bd6 25.Be3 Kf7 26.Rac1 Ke7 27.Kf2 Rac8 28.Bd2 Rc4 29.g3 Bb8
30.Rb1 Ba7+ 31.Kf3 e5 32.b5 e4+ 33.Ke2 axb5 34.Rxb5 R8c7 35.Rdb1  1/2-1/2

[Event "28th WJun Girls"]
[Site "Chotowa POL"]
[Date "2010.08.13"]
[Round "10"]
[White "Corke,A"]
[Black "Heredia Serrano,C"]
[Result "1-0"]
[WhiteElo "2257"]
[BlackElo "2080"]

1.d4 Nf6 2.Bg5 Ne4 3.Bf4 c5 4.f3 Nf6 5.d5 Nh5 6.Be3 e6 7.Nc3 d6 8.Bf2 Be7
9.e3 O-O 10.Nge2 Nd7 11.g4 Ne5 12.Bg2 Nf6 13.Nf4 b5 14.O-O b4 15.Nb1 g5 16.Nh3 Nxd5
17.Nd2 Ng6 18.Re1 Rb8 19.Bg3 Nc7 20.f4 gxf4 21.exf4 Bh4 22.Ne4 Bxg3 23.hxg3 Nb5
24.g5 f5 25.gxf6 d5 26.f7+ Rxf7 27.Neg5 Rf6 28.Qh5 Nf8 29.Nf2 Nd4 30.Rac1 Nf5
31.Ng4 Rg6 32.Ne5 Nxg3 33.Qg4 Nf5 34.Nxg6 hxg6 35.Nf3 c4 36.Ne5 Qb6+ 37.Kh2 Rb7
38.Qe2 Rh7+ 39.Bh3 Qd8 40.Qg4 Rh4 41.Qg5 Qb6 42.Kg2 Rh5 43.Qf6 Rh7 44.Bxf5 gxf5
45.Rg1 Rg7+ 46.Kh1 Qb7 47.Rxg7+ Qxg7 48.Rg1  1-0

[Event "7th CHN-RUS w Rapid"]
[Site "Ningbo CHN"]
[Date "2010.08.14"]
[Round "16"]
[White "Huang Qian"]
[Black "Kashlinskaya,A"]
[Result "1/2-1/2"]
[WhiteElo "2447"]
[BlackElo "2352"]

1.d4 Nf6 2.Bg5 Ne4 3.Bf4 c5 4.f3 Qa5+ 5.c3 Nf6 6.d5 Qb6 7.Bc1 e6 8.e4 exd5
9.exd5 d6 10.c4 Qd8 11.Bd3 g6 12.Nc3 Bg7 13.Nge2 Nbd7 14.Bc2 O-O 15.O-O Re8
16.Rb1 a6 17.a4 Nh5 18.Ne4 Qc7 19.Bd2 Ne5 20.b3 f5 21.Nf2 b5 22.axb5 axb5
23.cxb5 Bd7 24.Nc3 Qb6 25.f4 Nf7 26.Bd3 Bxc3 27.Bxc3 Nxf4 28.Bc4 Bxb5 29.Kh1 Ne2
30.Bf6 Qb7 31.Nd3 Re4 32.Nf2 Ree8 33.Nd3 Re4 34.Nf2 Ree8 35.Nd3 Re4  1/2-1/2

[Event "FSIMB August"]
[Site "Budapest HUN"]
[Date "2010.08.15"]
[Round "9"]
[White "Tran Tuan Minh"]
[Black "Maryasin,B"]
[Result "1/2-1/2"]
[WhiteElo "2244"]
[BlackElo "2339"]

1.d4 Nf6 2.Bg5 Ne4 3.Bf4 c5 4.f3 Nf6 5.dxc5 Qa5+ 6.Qd2 Qxc5 7.e4 g6 8.Nc3 Bg7
9.Be3 Qa5 10.Nb5 Qxd2+ 11.Kxd2 Na6 12.Nxa7 O-O 13.Bd3 d5 14.e5 Nd7 15.f4 f6
16.Bxa6 bxa6 17.e6 Nb8 18.Nxc8 Rxc8 19.Nf3 Nc6 20.Nd4 f5 21.c3 Nxd4 22.Bxd4 Bxd4
23.cxd4 Rc4 24.Kd3 Rac8 25.Rhd1 Kg7 26.Rd2 Rb4 27.b3 a5 28.Rb1 Rb6 29.Rc2 Rxc2
30.Kxc2 Rxe6 31.Kd3 Rc6 32.a3 Kf6 33.b4 axb4 34.axb4 Ke6 35.b5 Rb6 36.Kc3 Kd7
37.Kb4 Re6 38.Kc5 Kc7 39.Kxd5 Re2  1/2-1/2

[Event "TCh-MKD"]
[Site "Struga MKD"]
[Date "2010.08.15"]
[Round "7"]
[White "Stojanov,J"]
[Black "Ilic,Zo3"]
[Result "0-1"]
[WhiteElo "2209"]
[BlackElo "2280"]

1.d4 Nf6 2.Bg5 Ne4 3.h4 h6 4.Bf4 c5 5.d5 Qb6 6.Qc1 e6 7.f3 Bd6 8.Bxd6 Nxd6
9.dxe6 dxe6 10.e3 Nc6 11.c4 e5 12.Nc3 Be6 13.Nd5 Bxd5 14.cxd5 Ne7 15.Qc3 O-O
16.O-O-O c4 17.Qxe5 Nef5 18.Ne2 Rfe8 19.Qf4 Nxe3 20.Rd2 Nb5 21.Nc3 Nxc3 22.bxc3 Nxd5
23.Rxd5 Re1+ 24.Rd1 Rxd1+ 25.Kxd1 Qb1+ 26.Qc1 Rd8+ 27.Bd3 Rxd3+ 28.Ke2 Qxa2+  0-1

[Event "25th Open"]
[Site "Teteven BUL"]
[Date "2010.08.15"]
[Round "2"]
[White "Kukov,V"]
[Black "Angelov,B"]
[Result "1-0"]
[WhiteElo "2381"]
[BlackElo "2023"]

1.d4 Nf6 2.Bg5 Ne4 3.Bf4 c5 4.f3 Nf6 5.d5 d6 6.e4 g6 7.c4 Bg7 8.Nc3 O-O 9.Qd2 a6
10.Nge2 Nfd7 11.Ng3 b5 12.Bh6 bxc4 13.h4 Qb6 14.O-O-O Nf6 15.h5 Nbd7 16.hxg6 fxg6
17.Bxg7 Kxg7 18.Qh6+ Kg8 19.f4 Rf7 20.Qg5 Nf8 21.e5 Ne8 22.e6 Nxe6 23.dxe6 Bxe6
24.f5 Bxf5 25.Nxf5 Rxf5 26.Qxe7  1-0

[Event "FSGM August"]
[Site "Budapest HUN"]
[Date "2010.08.16"]
[Round "10"]
[White "Hoang Thanh Trang"]
[Black "Kislik,E"]
[Result "1-0"]
[WhiteElo "2474"]
[BlackElo "2329"]

1.d4 Nf6 2.Bg5 Ne4 3.Bf4 c5 4.f3 Qa5+ 5.c3 Nf6 6.Nd2 cxd4 7.Nb3 Qb6 8.Qxd4 Nc6
9.Qxb6 axb6 10.Nd4 e5 11.Nxc6 exf4 12.Nd4 Nd5 13.g3 Bd6 14.gxf4 Bxf4 15.e4 Ne7
16.Bc4 O-O 17.Nge2 Bb8 18.O-O-O Kh8 19.Nb5 f5 20.Nd6 Bxd6 21.Rxd6 b5 22.Bxb5 fxe4
23.fxe4 Rxa2 24.Kb1 Ra5 25.Bxd7 Re5 26.Ng3 h5 27.h4 Rd8 28.Rhd1 Bxd7 29.Rxd7 Rxd7
30.Rxd7 g5 31.hxg5 h4 32.Nf5 Nxf5 33.exf5 Rxf5 34.Rd4 h3 35.Rh4+ Kg8 36.Rxh3 Rxg5
37.Rf3 Re5 38.Kc2 Re2+ 39.Kb3 Rd2 40.c4 Kg7 41.Kc3 Rd6 42.c5 Rc6 43.Kc4 b6
44.b4 bxc5 45.bxc5 Rh6 46.Kb5 Rh1 47.c6 Rc1 48.Rf4  1-0

[Event "9th Open"]
[Site "Istanbul TUR"]
[Date "2010.08.21"]
[Round "1"]
[White "Saglam,A"]
[Black "Annaberdiev,M"]
[Result "0-1"]
[WhiteElo "1845"]
[BlackElo "2476"]

1.d4 Nf6 2.Bg5 Ne4 3.h4 c5 4.d5 h6 5.Bf4 Qb6 6.Nd2 Nxd2 7.Bxd2 e6 8.dxe6 dxe6
9.Bc3 Nc6 10.e3 Bd7 11.Qf3 Nb4 12.Kd1 Bc6 13.Qg4 O-O-O+ 14.Kc1 h5 15.Qf4 Nd5
16.Qxf7 Be8 17.Qf3 Nxc3 18.bxc3 Qa5 19.Rb1 Bc6 20.e4 c4 21.Bxc4 Ba3+ 22.Rb2 Rhf8
23.Qe2 Qxc3  0-1

[Event "Centenary IM"]
[Site "Dun Laoghaire IRL"]
[Date "2010.08.22"]
[Round "2"]
[White "Cech,P"]
[Black "Short,P"]
[Result "1-0"]
[WhiteElo "2410"]
[BlackElo "2296"]

1.d4 Nf6 2.Bg5 Ne4 3.Bf4 d5 4.f3 Nf6 5.e4 dxe4 6.Nc3 exf3 7.Nxf3 e6 8.Bd3 Be7
9.Qe2 Nc6 10.O-O-O Nb4 11.Bc4 Nbd5 12.Bd2 O-O 13.Ne4 Bd7 14.Ne5 Nxe4 15.Qxe4 Bc6
16.Bd3 Nf6 17.Nxc6 bxc6 18.Qh4 Qd5 19.c4 Qh5 20.Qxh5 Nxh5 21.Be4 Rab8 22.Bxc6 Nf6
23.Bf3 c5 24.Bf4 Rbd8 25.dxc5 Bxc5 26.Be5 Rc8 27.Kc2 Bb6 28.b3 Bc7 29.Bxf6 gxf6
30.Rd7 Rfd8 31.Rhd1 Rxd7 32.Rxd7 Bxh2 33.Bh5 Rc7 34.Bxf7+ Kf8 35.Bxe6 Rxd7
36.Bxd7 Ke7 37.Bf5 h5 38.c5 Bg1 39.b4 Kd8 40.Kd3 Kc7 41.Kc4 Be3 42.a4 h4
43.a5 Bd2 44.a6 Be3 45.b5 Bf2 46.Be4 Be3 47.Bf5 Bf2 48.b6+ Kb8 49.Kb5 Be3
50.Kc6 Bf2 51.Bd3 Be3 52.bxa7+ Kxa7 53.Kd6  1-0

[Event "6th Geller Memorial Open A"]
[Site "Odessa UKR"]
[Date "2010.08.22"]
[Round "2"]
[White "Rakhmangulov,A"]
[Black "Spodyniuk,V"]
[Result "1-0"]
[WhiteElo "2394"]
[BlackElo "1952"]

1.d4 Nf6 2.Bg5 Ne4 3.h4 c5 4.d5 Qb6 5.Nd2 Nxd2 6.Bxd2 Qxb2 7.c3 Qb6 8.e4 d6
9.Rb1 Qc7 10.h5 h6 11.Nh3 e5 12.dxe6 Bxe6 13.Nf4 Nc6 14.Nxe6 fxe6 15.Bc4 d5
16.exd5 exd5 17.Qe2+ Be7 18.Bxd5 O-O-O 19.Qe6+ Rd7 20.Be4 Nd8 21.Qg4 Kb8
22.Bf4 Bd6 23.Bxd6 Rxd6 24.O-O Nc6 25.Bxc6 Qxc6 26.Qxg7 Rhd8 27.Rfe1 R6d7
28.Re7 Qd6 29.Rxd7 Rxd7 30.Qg8+ Rd8 31.Qh7 Rd7 32.Qe4 Re7 33.Qf3 Rd7 34.a4 a6
35.a5 Kc8 36.Rb6 Qd2 37.Qf8+ Kc7 38.Qxc5+ Kb8 39.Rf6  1-0

[Event "6th Prospero A Pichay Cup"]
[Site "Manila PHI"]
[Date "2010.08.25"]
[Round "8"]
[White "Yu Lie"]
[Black "Kulkarni,R"]
[Result "1-0"]
[WhiteElo "2447"]
[BlackElo "2194"]

1.d4 Nf6 2.Bg5 Ne4 3.Bf4 d5 4.e3 c5 5.Nd2 Nxd2 6.Qxd2 Nc6 7.Nf3 Qb6 8.c3 cxd4
9.exd4 g6 10.Bd3 Bg7 11.h3 a5 12.b3 O-O 13.O-O Bd7 14.Rfe1 Rac8 15.Bh6 e6
16.Nh2 Qd8 17.Ng4 Bxh6 18.Qxh6 f5 19.Nh2 Qf6 20.Nf3 Rfe8 21.Qf4 Nd8 22.Ne5 Re7
23.c4 Bc6 24.Rac1 Rcc7 25.c5 g5 26.Qd2 Rg7 27.Qxa5 g4 28.hxg4 fxg4 29.Qd2 Nf7
30.Nxf7 Rcxf7 31.Re5 h5 32.Qe3 h4 33.Rxe6 Qd8 34.Re1 g3 35.f3 h3 36.gxh3 g2
37.Bg6 Rf8 38.Rxc6 Qh4 39.Qe6+ Kh8 40.Rd6 Rxg6 41.Qe5+ Rg7 42.Rxd5 Rf5 43.Qe8+ Rg8
44.Rxf5 Rxe8 45.Rxe8+ Kg7 46.Re4 Qxh3 47.Rg4+ Kh6 48.Rf6+ Kh5 49.Rxg2 Qd7
50.Rf4 b6 51.Rfg4  1-0

[Event "1st Campomanes Memorial Cup Open"]
[Site "Manila PHI"]
[Date "2010.08.28"]
[Round "1"]
[White "Torre,E"]
[Black "Padmini,R"]
[Result "0-1"]
[WhiteElo "2489"]
[BlackElo "2275"]

1.d4 Nf6 2.Bg5 Ne4 3.Bf4 d5 4.e3 c5 5.Nd2 Nf6 6.c3 Nc6 7.Ngf3 Qb6 8.Qb3 c4
9.Qc2 Bg4 10.Ne5 Nxe5 11.Bxe5 Nd7 12.Bg3 e6 13.e4 Be7 14.b3 cxb3 15.axb3 dxe4
16.Nxe4 O-O 17.Bd3 Bf5 18.f3 Nf6 19.O-O Rac8 20.Bf2 Nd5 21.Bc4 a6 22.Qd2 Qc7
23.Ng3 Bg6 24.Ne2 Bd6 25.Bxd5 exd5 26.Bg3 Bxg3 27.hxg3 Rfe8 28.Rfe1 Qb6 29.b4 Bf5
30.Nf4 Qc6 31.Rxe8+ Rxe8 32.g4 Be6 33.Re1 f6 34.Nd3 Bf7 35.Rxe8+ Bxe8 36.Nc5 b6
37.Nxa6 Qc4 38.b5 Bxb5 39.Nb4 Qf1+ 40.Kh2 Qc4 41.Qe3 Kf7  0-1

[Event "ch-RUS Higher League w"]
[Site "St Petersburg RUS"]
[Date "2010.08.28"]
[Round "3"]
[White "Suslova,A"]
[Black "Savina,A"]
[Result "1/2-1/2"]
[WhiteElo "2210"]
[BlackElo "2392"]

1.d4 Nf6 2.Bg5 Ne4 3.Bf4 c5 4.f3 Qa5+ 5.c3 Nf6 6.Nd2 cxd4 7.Nb3 Qd8 8.cxd4 d5
9.e3 e6 10.Bd3 Bb4+ 11.Kf2 Nc6 12.g4 Bd7 13.Ne2 Rc8 14.Rc1 O-O 15.h4 Be7
16.Ng3 Nb4 17.Bb1 Ba4 18.Rc3 Qb6 19.Qd2 Rc6 20.a3 Rxc3 21.Qxc3 Nd3+ 22.Bxd3 Qxb3
23.Qxb3 Bxb3 24.Rc1 Ne8 25.h5 Ba4 26.e4 Bc6 27.Bb8 a5 28.Bf4 h6 29.e5 Bg5
30.Bxg5 hxg5 31.Rc5 Nc7 32.Rxa5 Ra8 33.Rxa8+ Nxa8 34.Ne2 Nb6 35.Nc3 Na4 36.Nxa4 Bxa4
37.Ke3 Kf8 38.Kd2 Ke7 39.Bc2 Bb5 40.a4 Be8 41.b4 f5 42.b5 fxg4 43.fxg4 b6
44.Bg6 Bxb5 45.axb5 Kf8 46.Bf5 Ke7  1/2-1/2

[Event "ch-RUS Higher League w"]
[Site "St Petersburg RUS"]
[Date "2010.08.28"]
[Round "3"]
[White "Tomilova,E"]
[Black "Zaiatz,E"]
[Result "1/2-1/2"]
[WhiteElo "2311"]
[BlackElo "2398"]

1.d4 Nf6 2.Bg5 Ne4 3.Bf4 d5 4.f3 Nf6 5.Nc3 Bf5 6.g4 Bg6 7.h4 h6 8.e3 c6 9.Bd3 Bxd3
10.Qxd3 e6 11.Nge2 Nbd7 12.Ng3 Be7 13.O-O-O g6 14.Qe2 h5 15.g5 Nh7 16.e4 Nb6
17.b3 Ba3+ 18.Kb1 a6 19.Rhe1 Qe7 20.Bc1 Bxc1 21.Rxc1 Rc8 22.Qd3 O-O 23.f4 Rfd8
24.f5 Nf8 25.fxg6 fxg6 26.exd5 cxd5 27.Nce2 Qd6 28.Rf1 Nbd7 29.Qf3 e5 30.Qf7+ Kh8
31.Nxh5 gxh5 32.Qxh5+ Kg8 33.Qf7+ Kh8 34.Qh5+ Kg8 35.Qf7+  1/2-1/2

[Event "TCh-SRB 1st League"]
[Site "Vrnjacka Banja SRB"]
[Date "2010.08.28"]
[Round "8"]
[White "Georgiev,Ki"]
[Black "Indjic,D"]
[Result "1-0"]
[WhiteElo "2675"]
[BlackElo "2329"]

1.d4 Nf6 2.Bg5 Ne4 3.Bf4 c5 4.f3 Qa5+ 5.c3 Nf6 6.d5 d6 7.e4 g6 8.Nd2 Bg7
9.a4 Nbd7 10.Nh3 O-O 11.Be2 Ne5 12.Nf2 Nfd7 13.Be3 f5 14.f4 Nf7 15.exf5 gxf5
16.O-O Nf6 17.Qb3 Kh8 18.Rfe1 Rg8 19.Kh1 Bf8 20.Nf3 Qc7 21.Ng5 Nd8 22.Rad1 Bd7
23.Bb5 h6 24.Nf3 Ng4 25.Qc2 e5 26.Bxd7 Qxd7 27.Nxg4 fxg4 28.Nh4 Qh7 29.f5 Rg7
30.Qe4 Nf7 31.Bc1 h5 32.h3 Ng5 33.Qd3 Nf7 34.Re4 Be7 35.Ng6+ Rxg6 36.fxg6 Qxg6
37.Rf1 Rg8 38.Re3 Qg7 39.Re2 Ng5 40.h4 Nh7 41.g3 Rf8 42.Ref2 Rxf2 43.Rxf2 Nf6
44.Bg5 e4 45.Qf1 Nxd5 46.Rf7 Qe5 47.Rxe7  1-0

[Event "1st Campomanes Memorial Cup Open"]
[Site "Manila PHI"]
[Date "2010.08.31"]
[Round "5"]
[White "Torre,E"]
[Black "Ghaem Maghami,E"]
[Result "0-1"]
[WhiteElo "2489"]
[BlackElo "2585"]

1.d4 Nf6 2.Bg5 Ne4 3.Bf4 c5 4.f3 Nf6 5.dxc5 b6 6.e4 bxc5 7.e5 Qc7 8.Qd2 Nh5
9.Nc3 Nxf4 10.Qxf4 Nc6 11.Nd5 Qb8 12.e6 fxe6 13.Nc7+ Kd8 14.Nxe6+ dxe6 15.O-O-O+ Bd7
16.Qe4 Qb7 17.Qxe6 Nd4 18.Qe5 Rb8 19.b3 Qc7 20.Qe3 g6 21.Bc4 Bg7 22.Nh3 Nf5
23.Qd3 Rb6 24.Ng5 Bh6 25.f4 Kc8 26.Kb1 Rd6 27.Qc3 Bg7 28.Qf3 Bc6 29.Qe2 Nd4
30.Qf2 Rf6 31.Rhf1 h6 32.Nh3 Rd6 33.Rde1 Rhd8 34.a4 Qb7 35.Qh4 Be4  0-1

[Event "17th IM"]
[Site "Graz AUT"]
[Date "2010.09.01"]
[Round "5"]
[White "Lendwai,R"]
[Black "Zelbel,P"]
[Result "1/2-1/2"]
[WhiteElo "2424"]
[BlackElo "2348"]

1.d4 Nf6 2.Bg5 Ne4 3.Bf4 c5 4.f3 Qa5+ 5.c3 Nf6 6.Nd2 cxd4 7.Nb3 Qd8 8.cxd4 d5
9.e3 e6 10.Rc1 Bb4+ 11.Kf2 Nc6 12.Bb5 Qb6 13.Bxc6+ bxc6 14.Qc2 Bb7 15.Ne2 Rc8
16.Nc5 Ba6 17.Nc3 Bb5 18.Bd6 Qd8 19.Nb7 Qb6 20.Bxb4 Qxb7 21.Bd6 Nd7  1/2-1/2